Miniskama. (Record no. 79334)

MARC details
000 -LEADER
fixed length control field 00562cam a22002291 4500
001 - CONTROL NUMBER
control field sa 68003244
003 - CONTROL NUMBER IDENTIFIER
control field DLC
005 - DATE AND TIME OF LATEST TRANSACTION
control field 20260227112451.0
008 - FIXED-LENGTH DATA ELEMENTS--GENERAL INFORMATION
fixed length control field 941101s1964 ce c 000 0 sino
010 ## - LIBRARY OF CONGRESS CONTROL NUMBER
LC control number sa 68003244
025 ## - OVERSEAS ACQUISITION NUMBER
Overseas acquisition number PL480:c-124
035 ## - SYSTEM CONTROL NUMBER
System control number (OCoLC)31390553
040 ## - CATALOGING SOURCE
Original cataloging agency DLC
Transcribing agency CU
Modifying agency CU
-- DLC
042 ## - AUTHENTICATION CODE
Authentication code premarc
050 00 - LIBRARY OF CONGRESS CALL NUMBER
Classification number BJ1289
Item number .N3
100 1# - MAIN ENTRY--PERSONAL NAME
Personal name Nandārāma, Āttiligoda,
Titles and words associated with a name Sthavira.
245 10 - TITLE STATEMENT
Title Miniskama.
260 ## - PUBLICATION, DISTRIBUTION, ETC.
Date of publication, distribution, etc. [1964]
300 ## - PHYSICAL DESCRIPTION
Extent viii. 155 p.
Other physical details port.
Dimensions 18 cm.
500 ## - GENERAL NOTE
General note In Sinhalese.
650 #0 - SUBJECT ADDED ENTRY--TOPICAL TERM
Topical term or geographic name entry element Buddhist ethics.

No items available.

Powered by Koha